Working virtue (Record no. 7416)
[ view plain ]
| 000 -LEADER | |
|---|---|
| fixed length control field | 02281nam a2200385 a 4500 |
| 001 - CONTROL NUMBER | |
| control field | ebr10271554 |
| 003 - CONTROL NUMBER IDENTIFIER | |
| control field | CaPaEBR |
| 006 - FIXED-LENGTH DATA ELEMENTS--ADDITIONAL MATERIAL CHARACTERISTICS--GENERAL INFORMATION | |
| fixed length control field | m u |
| 007 - PHYSICAL DESCRIPTION FIXED FIELD--GENERAL INFORMATION | |
| fixed length control field | cr cn||||||||| |
| 008 - FIXED-LENGTH DATA ELEMENTS--GENERAL INFORMATION | |
| fixed length control field | 071130s2007 enk sb 001 0 eng d |
| 010 ## - LIBRARY OF CONGRESS CONTROL NUMBER | |
| Canceled/invalid LC control number | 2007300015 |
| 015 ## - NATIONAL BIBLIOGRAPHY NUMBER | |
| National bibliography number | GBA679912 |
| Source | bnb |
| 016 7# - NATIONAL BIBLIOGRAPHIC AGENCY CONTROL NUMBER | |
| Canceled or invalid record control number | 013557207 |
| Source | Uk |
| 020 ## - INTERNATIONAL STANDARD BOOK NUMBER | |
| Cancelled/invalid ISBN | 9780199271658 (hbk. : alk. paper) |
| Cancelled/invalid ISBN | 0199271658 (hbk. : alk. paper) |
| 040 ## - CATALOGING SOURCE | |
| Original cataloging agency | CaPaEBR |
| Transcribing agency | CaPaEBR |
| 035 ## - SYSTEM CONTROL NUMBER | |
| System control number | (OCoLC)139977044 |
| 050 14 - LIBRARY OF CONGRESS CALL NUMBER | |
| Classification number | BJ1518 |
| Item number | .W67 2007eb |
| 082 04 - DEWEY DECIMAL CLASSIFICATION NUMBER | |
| Classification number | 179/.9 |
| Edition number | 22 |
| 084 ## - OTHER CLASSIFICATION NUMBER | |
| Classification number | 08.38 |
| Source of number | bcl |
| 245 00 - TITLE STATEMENT | |
| Title | Working virtue |
| Medium | [electronic resource] : |
| Remainder of title | virtue ethics and contemporary moral problems / |
| Statement of responsibility, etc | edited by Rebecca L. Walker, Philip J. Ivanhoe. |
| 260 ## - PUBLICATION, DISTRIBUTION, ETC. (IMPRINT) | |
| Place of publication, distribution, etc | Oxford : |
| Name of publisher, distributor, etc | Clarendon Press ; |
| Place of publication, distribution, etc | New York : |
| Name of publisher, distributor, etc | Oxford University Press, |
| Date of publication, distribution, etc | 2007. |
| 300 ## - PHYSICAL DESCRIPTION | |
| Extent | ix, 319 p. |
| 504 ## - BIBLIOGRAPHY, ETC. NOTE | |
| Bibliography, etc | Includes bibliographical references and index. |
| 505 0# - FORMATTED CONTENTS NOTE | |
| Formatted contents note | Introduction / Rebecca L. Walker and Philip J. Ivanhoe -- Caring as relation and virtue in teaching / Nel Noddings -- Professing medicine, virtue based ethics, and the retrieval of professionalism / Edmund D. Pellegrino -- Doctoring and self-forgiveness / Jeffrey Blustein -- Virtue ethics as professional ethics: the case of psychiatry / Jennifer Radden -- Trust, suffering, and the Aesculapian virtues / Annette C. Baier -- Environmental virtue ethics / Rosalind Hursthouse -- The good life for non-human animas: what virtue requires of humans / Rebecca L. Walker -- Law, morality, and virtue / Peter Koller -- Virtue ethics, role ethics, and business ethics / Christine Swanton -- Racial virtues / Lawrence Blum -- Virtue and a warrior's anger / Nancy Sherman -- Famine, affluence, and virtue / Michael Slote -- Filial piety as a virtue / Philip J. Ivanhoe. |
| 533 ## - REPRODUCTION NOTE | |
| Type of reproduction | Electronic reproduction. |
| Place of reproduction | Palo Alto, Calif. : |
| Agency responsible for reproduction | ebrary, |
| Date of reproduction | 2013. |
| Note about reproduction | Available via World Wide Web. |
| -- | Access may be limited to ebrary affiliated libraries. |
| 650 #0 - SUBJECT ADDED ENTRY--TOPICAL TERM | |
| Topical term or geographic name as entry element | Virtue. |
| Topical term or geographic name as entry element | Ethics. |
| Topical term or geographic name as entry element | Moral conditions. |
| 655 #7 - INDEX TERM--GENRE/FORM | |
| Genre/form data or focus term | Electronic books. |
| Source of term | local |
| 700 1# - ADDED ENTRY--PERSONAL NAME | |
| Personal name | Walker, Rebecca L. |
| Personal name | Ivanhoe, P. J. |
| 710 2# - ADDED ENTRY--CORPORATE NAME | |
| Corporate name or jurisdiction name as entry element | ebrary, Inc. |
| 856 40 - ELECTRONIC LOCATION AND ACCESS | |
| Uniform Resource Identifier | <a href="http://site.ebrary.com/lib/rucke/Doc?id=10271554">http://site.ebrary.com/lib/rucke/Doc?id=10271554</a> |
| Public note | An electronic book accessible through the World Wide Web; click to view |
No items available.
